00317nam a22001097a 4500020001900000040001200019082001800031100007400049245003800123260003400161300001200195 a978-0471985211 cMSOHAIL a307.1216bALL a Philip Allmendinger (Editor), Alan Prior (Editor), Jeremy Raemaekers aIntroduction to Planning Practice aNew YorkbJohn Wiley; cc2000 a439;pxv